| 000 | 00381nam a2200157Ia 4500 | ||
|---|---|---|---|
| 008 | 230524s9999 xx 000 0 und d | ||
| 082 |
_a612 _bGAR |
||
| 100 | _aM.Dena Gardiner | ||
| 245 | 0 | _a"The Principles of Exercise Therapy," | |
| 250 | _a4TH | ||
| 260 |
_aNEW DELHI _bCBS _c2005 |
||
| 300 | _aXI;301 | ||
| 500 | _aQuantity Number: 5 | ||
| 650 | _aBiomedical | ||
| 942 | _cBK | ||
| 999 |
_c37420 _d37420 |
||